Normal view
MARC view
- Modules (Algebra)
Entry Topical Term
001 - CONTROL NUMBER
- control field: 26690
003 - CONTROL NUMBER IDENTIFIER
- control field: IN-BhIIT
005 - DATE AND TIME OF LATEST TRANSACTION
- control field: 20251110174723.0
008 - FIXED-LENGTH DATA ELEMENTS
- fixed length control field: 251110|| aca||aabn | a|a d
040 ## - CATALOGING SOURCE
- Original cataloging agency: IN-BhIIT
- Transcribing agency: IN-BhIIT
150 ## - HEADING--TOPICAL TERM
- Topical term or geographic name entry element: Modules (Algebra)
- General subdivision: Fnite groups
670 ## - SOURCE DATA FOUND
- Source citation: Work cat.: (IN-BhIIT)15185: Choudhary, Ram Karan Author 26683, On rational representations of finite p-groups and the wedderburn decomposition of their rational group algebras /, 2025.